000 01733nam0a2200361 4500
001 RU\NLR\bibl\531679
005 20260405140453.0
010 _a5-354-00619-8
_9300
021 _aRU
_b2004-19068
_9972
035 _a(NLR Aleph) 000523985
090 _a1310877
_c1310877
100 _a20040621d2004 |||y0rusy50 ca
101 0 _arus
_alat
102 _aRU
105 _aa |||||||||
200 1 _aО соизмеримости или несоизмеримости движений неба
_fНиколай Опем
_gПер. с лат., вступ. ст. и примеч. В.П. Зубова
210 _aМ.
_cУРСС
_cЕдиториал УРСС
_d2004
215 _a158, [1] с.
_d22
225 1 _aИз истории средневекового номинализма
300 _aЧасть текста на лат. яз.
320 _aБиблиогр. в подстроч. примеч.
423 0 _12001#$aТрактат Брадвардина "О континууме"$fВ.П. Зубов
_1700#1$aЗубов$bВ. П.$f1900-1963$gВасилий Павлович$4070
_1210##$aМ.$d2004
_1215##$aС. 103-158
_tТрактат Брадвардина "О континууме"
_aЗубов, Василий Павлович (1900-1963)
606 0 _aНоминализм
_xИстория
_92339453
_3RU\NLR\auth\661398472
686 _aЮ3(0)414-341
700 1 _4070
_7ca
_8rus
_aОрем
_bН.
_fок.1323-1382г.
_gНиколай
_939613
_3RU\NLR\auth\7756681
702 1 _aЗубов
_bВ. П.
_f1900-1963
_gВасилий Павлович
_4730
801 0 _aRU
_bNLR
_c20040621
_gPSBO
801 1 _aRU
_bNLR
_c20040621
830 _aАвт. по кн.
942 _cBOOK
980 _aNB